000 00378cam a2200169ua 4500
001 11304
008 150529n ii |||gr||||Z||||||eng
040 _aMAIN
041 _aEnglish
082 _bPRA
100 _aPradhan,N.S.
245 _aElements of salesmanship and publicity
250 _a3rd ed.
260 _aAllahabad:
_bKitab Mahal.
300 _a358.
942 _cBK
999 _c11290
_d11290